Laboratorio químico destinado para el servicio de la agricultura protegido por el instituto agrícola catalán de San Isidro, establecido en el mismo local que la sociedad Plaza del Beato Oriol, 6 y dirigido por Luis Justo y Villanueva. (Record no. 156527)

MARC details
000 -LEADER
campo de control de longitud fija 00861nam a22001815i 4500
001 - NÚMERO DE CONTROL
campo de control 156527
003 - IDENTIFICADOR DE NÚMERO DE CONTROL
campo de control ES-MaACL
005 - FECHA Y HORA DE LA ÚLTIMA TRANSACCIÓN
campo de control 20230906210431.0
008 - DATOS DE LONGITUD FIJA--INFORMACIÓN GENERAL
campo de control de longitud fija 040806s1872 sp |||| | spa d
040 ## - FUENTE DE CATALOGACIÓN
Centro catalogador/agencia de origen CAM
Lengua de catalogación spa
Centro/agencia transcriptor CAM
100 1# - ENTRADA PRINCIPAL--NOMBRE DE PERSONA
Nombre de persona Justo y Villanueva, Luis.
9 (RLIN) 128413
245 10 - MENCIÓN DEL TÍTULO
Título Laboratorio químico destinado para el servicio de la agricultura protegido por el instituto agrícola catalán de San Isidro, establecido en el mismo local que la sociedad Plaza del Beato Oriol, 6 y dirigido por Luis Justo y Villanueva.
260 ## - PUBLICACIÓN, DISTRIBUCIÓN, ETC.
Lugar de publicación, distribución, etc. Barcelona :
Nombre del editor, distribuidor, etc. [s.n.],
Fecha de publicación, distribución, etc. 1872 (
Fabricante Imprenta del Diario de Barcelona)
300 ## - DESCRIPCIÓN FÍSICA
Extensión 35 p. ;
Dimensiones 22 cm.
500 ## - NOTA GENERAL
Nota general En port.: (2º año.- 1870 a 1871)
710 2# - ENTRADA AGREGADA--NOMBRE DE ENTIDAD CORPORATIVA
Nombre de entidad corporativa o nombre de jurisdicción como elemento de entrada Institut Agrícola Català de Sant Isidre.
9 (RLIN) 176166
852 ## - LOCALIZACIÓN
Ubicación ES-MaACL
Número de control de estantería T-852-F-10
Nota libre -- Enc. hol., conservando la enc. editorial
-- -- Enc. en un vol. facticio
Holdings
Estatus retirado Estado de pérdida Estado de daño No para préstamo Colección Biblioteca de origen Biblioteca actual Ubicación en estantería Fecha de adquisición Total de préstamos Signatura topográfica completa Código de barras Visto por última vez Precio de reemplazo Tipo de ítem Koha
        Colección de folletos Biblioteca del Ateneo de Madrid Biblioteca del Ateneo de Madrid Depósito folletos 17/01/2008   T-852-F-10 1163763 23/02/2023 23/02/2023 Folleto